| 000 | 00936nas a2200289 4500 | ||
|---|---|---|---|
| 001 | BR0203564 | ||
| 003 | BR-BrBNA | ||
| 005 | 20231205103115.0 | ||
| 007 | ta | ||
| 008 | 230509b bl.|||p| |||| 00| 00por d | ||
| 040 |
_aBR-BrBNA _bpor _cBiblioteca Nacional de Agricultura |
||
| 041 | _a(Pt) | ||
| 072 | _aF06; F04 | ||
| 100 | 1 | _aSousa, V.F. de | |
| 100 | 1 | _aFolegatti, M.V. | |
| 100 | 1 | _aCoelho Filho, M.A. | |
| 100 | 1 | _aFrizzone, J.A. | |
| 245 | 1 | _aDistribuição radicular do maracujazeiro sob diferentes doses de potássio aplicadas por fertirrigação | |
| 650 | _aMARACUJÁ | ||
| 650 | _aFERTIRRIGAÇÃO | ||
| 650 | _aPOTÁSSIO | ||
| 650 | _aSISTEMA RADICULAR | ||
| 650 | _aIRRIGAÇÃO POR GOTEJAMENTO | ||
| 773 | 0 |
_tRevista Brasileira de Engenharia Agrícola e Ambiental (Brazil) _xISSN 1415-4366 _g(Jan-Apr 2002), v. 6(1) p. 51-56 _wBR0203564 |
|
| 909 |
_a202311 _bLúcia _c55 _dLúcia Elande |
||
| 942 |
_2AGRIS _n0 _cANA |
||
| 999 |
_c171110 _d171110 |
||